Statistics for Batsmen Who Have Scored 180 in an ODI Innings (cricket)

Click here to take the quiz!

General Stats

  • This quiz has been taken 249 times
    (32 since last reset)
  • The average score is 15 of 30

Answer Stats

seasonscoreforplayer% Correct
2009-10200*IndSachin Tendulkar
81%
1999-00186*IndSachin Tendulkar
81%
2014-15264*IndRohit Sharma
77%
2013-14209IndRohit Sharma
77%
2017-18208*IndRohit Sharma
77%
2014-15215WIChris Gayle
74%
2023-24201*AusGlenn Maxwell
71%
2011-12183IndVirat Kohli
68%
2022-23208IndShubman Gill
58%
2023182EngBen Stokes
55%
2005-06183*IndMS Dhoni
55%
2011-12219IndVirender Sehwag
52%
1987-88181WIViv Richards
52%
1984189*WIViv Richards
52%
2016-17180*NZMartin Guptill
48%
2013189*NZMartin Guptill
48%
2014-15237*NZMartin Guptill
48%
2017-18180EngJason Roy
45%
2020-21193PakFakhar Zaman
42%
2018210*PakFakhar Zaman
42%
1996-97194PakSaeed Anwar
42%
2000-01189SLSanath Jayasuriya
39%
2017-18181*NZRoss Taylor
35%
1999183IndSourav Ganguly
35%
1995-96188*SAGary Kirsten
32%
2022-23210IndIshan Kishan
32%
2010-11185*AusShane Watson
32%
2009-10194*ZimCharles Coventry
26%
2006-07181*AusMatthew Hayden
26%
2016-17185SAFaf du Plessis
16%

Score Distribution

Percentile by Number Answered

Percent of People with Each Score

Your Score History

You have not taken this quiz since the last reset